000 00292nam a2200109Ia 4500
008 200302s9999 xx 000 0 und d
100 _aJames G. Macgregor
245 _aReinforced Concrete Mechanics and Design
260 _bPrentice Hall International Ltd.
260 _c1988
300 _a799 P.,
999 _c2129
_d2129